000 00289nam a22001337a 4500
008 170427b xxu||||| |||| 00| 0 eng d
020 _a9780495809708
041 _aeng
080 _24 ED
_a343.9
100 _a13
101 _aSHJ
245 _aCRIMINOLOGY
_cSIEGEL.L.J
942 _2udc
_cBK
999 _c12291
_d12291